Statistics for They Shoot Pictures, Don't They? - films 261 to 280

Click here to take the quiz!

General Stats

  • This quiz has been taken 32 times
  • The average score is 7 of 20

Answer Stats

Answer% Correct
Fargo
92%
The Big Lebowski
88%
The Graduate
62%
Red
54%
The Treasure fo the Sierra Madre
46%
Heat
35%
The Cabinet of Dr. Caligari
35%
Throne of Blood
31%
All that Heaven Allows
27%
F for Fake
27%
The Shop around the Corner
27%
Uncle Boonmee Who Can Recall his Past Lives
27%
Black Girl
19%
Pandora's Box
19%
The Green Ray
19%
Day of Wrath
15%
Goodbye, Dragon Inn
15%
Night and Fog
15%
The Ascent
15%
The Story of Last Chrysantemums
15%

Score Distribution

Percentile by Number Answered

Percent of People with Each Score

Your Score History

You have not taken this quiz